000 00773nam a2200145 a 4500
008 120416s1996 xx |||||||||||||| || u
050 _aRA 971.3 Sha
100 _aSharma, S
245 1 0 _aHospital management
260 _c1996
350 _a0.00
995 _aANNEX COLLECTION (Main Library)
_D0.00
_e732870
_FCBU-MAIN LIBRARY (Kitwe)
_H3
_I49.95
_jRA 971.3 Sha
_M3
_UAVAILABLE
_WApr 10, 2007
_y029947
_ZAnnex Low-Usage Collection
995 _aANNEX COLLECTION (Main Library)
_D0.00
_e732871
_FCBU-MAIN LIBRARY (Kitwe)
_H1
_I49.95
_jRA 971.3 Sha
_M1
_UAVAILABLE
_WApr 10, 2007
_y029946
_ZAnnex Low-Usage Collection
995 _aMAIN LIBRARY OPEN ACCESS
_D0.00
_e732869
_FCBU-MAIN LIBRARY (Kitwe)
_H2
_I49.95
_jRA 971.3 Sha
_M2
_UAVAILABLE
_WApr 10, 2007
_y029945
_ZMain Library Open Access Collection
999 _c76339
_d76339